000 00885nam a22002177a 4500
999 _c16703
_d16703
003 AR-CdUCM
008 190504b ||||| |||| 00| 0 spa d
040 _aMUNICIPALIDAD PROVINCIAL DEL CUSCO
_cBIBLIOTECA MUNICIPAL DEL CUSCO
082 _22ed.
_a917 /
_bT17
100 _aTamayo, Jorge L.
_935833
245 _aGeografía de América /
260 _aMéxico :
_bFondo de Cultura Económica,
_c1959.
300 _a417 páginas ;
_bmapas plegables,
_c18 cm.
440 _aBreviarios del Fondo de Cultura Económica.
_n66
_936297
505 _aContenido: Descubrimiento y exploración -- División convencional de América y características generales -- Estructura y morfología -- Océanos -- Climas -- La flora y fauna ...
650 _aGeografía
_9318
650 _aCondiciones económicas
_91989
650 _aAmérica
_91348
942 _2ddc
_cLIBROS
945 _aachl
_d2019-05-04